Demographic Change in Japan and the EU : Comparative Perspectives /

This volume contains selected papers of the 2008 annual conference of the German Association for Social Science Research on Japan (Vereinigung für sozialwissenschaftliche Japanforschung e.V. - VSJF). The academic meeting has addressed the issue of demographic change in Japan in comparison to the soc...

Full description

Bibliographic Details
Corporate Author: Walter de Gruyter & Co
Other Authors: Coulmas, Florian (Contributor), Godzik, Maren (Contributor), Oda, Akiko (Contributor), Ronald, Richard (Contributor), Schad-Seifert, Annette (Contributor, Editor), Shimada, Shingo (Contributor, Editor), Tagsold, Christian (Contributor), Wagner, Cosima (Contributor), Yamada, Atsuhiro (Contributor)
Format: eBook
Language:English
Language Notes:In English.
Published: Düsseldorf : düsseldorf university press, [2010]
Subjects:
Online Access:Connect to the full text of this electronic book

MARC

Tag First Indicator Second Indicator Subfields
LEADER 00000cam a2200000Mi 4500
001 in00004775607
006 m o d
007 cr |||||||||||
008 210225t20102010gw fo d z000 0 eng d
005 20240212223653.2
035 |a (OCoLC)on1246782745 
040 |a S2H  |b eng  |c S2H  |d OCLCQ  |d DEGRU 
020 |a 9783110720044 
020 |a 3110720043 
024 7 |a 10.1515/9783110720044  |2 doi 
035 |a (OCoLC)1246782745 
044 |a gw  |c DE 
072 7 |a SOC000000  |2 bisacsh 
082 0 4 |a 362.60952  |q OCoLC  |2 22/ger/20230216 
049 |a TXAM 
245 0 0 |a Demographic Change in Japan and the EU :  |b Comparative Perspectives /  |c Shingo Shimada, Annette Schad-Seifert. 
264 1 |a Düsseldorf :  |b düsseldorf university press,  |c [2010] 
264 4 |c ©2010 
300 |a 1 online resource (234 pages) 
336 |a text  |b txt  |2 rdacontent 
337 |a computer  |b c  |2 rdamedia 
338 |a online resource  |b cr  |2 rdacarrier 
347 |a text file  |b PDF  |2 rda 
505 0 0 |t Frontmatter --  |t CONTENTS --  |t Introduction --  |t The Bitter Fruits of Success --  |t Elderly Housing in Contemporary Japan: Exploring Alternative Forms of Housing --  |t The Housing System and Generational Divides: Housing Pathways and Life-courses in Japan --  |t Older Japanese Spouse Care in Relation to Household Structure, Gender Relation, and Political Economy --  |t "Silver Robots" and "Robotic Nurses"? Japans Robot Culture and Elderly Care --  |t The Effectiveness of New Job Security Measure for the Older Employees in Japan --  |t Comparing Social Policies: The Long-term Care Insurance as a Case --  |t Contributing Authors --  |t Programme of the annual VSJF Meeting 2008 
520 |a This volume contains selected papers of the 2008 annual conference of the German Association for Social Science Research on Japan (Vereinigung für sozialwissenschaftliche Japanforschung e.V. - VSJF). The academic meeting has addressed the issue of demographic change in Japan in comparison to the social developments of ageing in Germany and other member states of the European Union. The conference was organized by the Institute for Modern Japanese Studies at Heinrich-Heine-University of Duesseldorf and took place at the Mutter Haus in Kaiserswerth (an ancient part of Duesseldorf). Speakers from Germany, England, Japan and the Netherlands presented their papers in four sessions on the topics "Demographic Trends and Social Analysis", "Family and Welfare Policies", "Ageing Society and the Organization of Households" and "Demographic Change and the Economy". Central to all transnational and national studies on demographic change is the question of how societies can be reconstructed and be made adaptive to these changes in order to survive as solidarity communities. The authors of this volume attend to this question by discussing on recent trends of social and economic restructuring and giving insight into new research developments such as in the area of households and housing, family care work, medical insurance, robot technology or the employment sector. 
546 |a In English. 
588 0 |a Description based on online resource; title from PDF title page (publisher's Web site, viewed 25. Feb 2021). 
650 4 |a Demografie. 
650 4 |a Europäische Union. 
650 4 |a Japan. 
650 7 |a SOCIAL SCIENCE / General.  |2 bisacsh 
653 |a Japan. 
653 |a Social Analysis. 
653 |a demographic trends. 
655 7 |a Electronic books.  |2 local 
700 1 |a Coulmas, Florian,  |e contributor.  |4 ctb  |4 https://id.loc.gov/vocabulary/relators/ctb 
700 1 |a Godzik, Maren,  |e contributor.  |4 ctb  |4 https://id.loc.gov/vocabulary/relators/ctb 
700 1 |a Oda, Akiko,  |e contributor.  |4 ctb  |4 https://id.loc.gov/vocabulary/relators/ctb 
700 1 |a Ronald, Richard,  |e contributor.  |4 ctb  |4 https://id.loc.gov/vocabulary/relators/ctb 
700 1 |a Schad-Seifert, Annette,  |e contributor.  |4 ctb  |4 https://id.loc.gov/vocabulary/relators/ctb 
700 1 |a Schad-Seifert, Annette,  |e editor.  |4 edt  |4 http://id.loc.gov/vocabulary/relators/edt 
700 1 |a Shimada, Shingo,  |e contributor.  |4 ctb  |4 https://id.loc.gov/vocabulary/relators/ctb 
700 1 |a Shimada, Shingo,  |e editor.  |4 edt  |4 http://id.loc.gov/vocabulary/relators/edt 
700 1 |a Tagsold, Christian,  |e contributor.  |4 ctb  |4 https://id.loc.gov/vocabulary/relators/ctb 
700 1 |a Wagner, Cosima,  |e contributor.  |4 ctb  |4 https://id.loc.gov/vocabulary/relators/ctb 
700 1 |a Yamada, Atsuhiro,  |e contributor.  |4 ctb  |4 https://id.loc.gov/vocabulary/relators/ctb 
710 2 |a Walter de Gruyter & Co. 
776 0 |c print  |z 9783940671639 
856 4 0 |u https://www.degruyter.com/openurl?genre=book&isbn=9783110720044  |z Connect to the full text of this electronic book  |t 0 
955 |a De Gruyter Open Access ebooks 
994 |a 92  |b TXA 
999 f f |s b191b584-b58e-46ca-813a-0d8d60a37b47  |i 29b141f0-86c1-4c5e-bd25-3d604f6fd3b8  |t 0 
952 f f |a Texas A&M University  |b College Station  |c Electronic Resources  |d Available Online  |t 0  |h Library of Congress classification 
998 f f |t 0  |l Available Online